• 首页
  • 本馆介绍
  • 公告通知
  • 最新文献
  • 馆藏检索
  • 电子资源
  • 读者导购
  • 参考咨询
  • 我的图书馆
  • 登录
  • 详细信息显示
  • 放入我的书架
  • 预约/预借图书
  • 作者相关作品
  • 分类相关作品
  • 丛书相关作品
  • 出版社相关作品

书目信息

  • 表格格式
  • 工作单格式
  • 卡片格式
题名:
卡耐基经典商务礼仪全集
    
 
作者: 卡内基 著 ;张艳玲 主编
分册:  
出版信息: 北京   京华出版社  2011
页数: 201页
开本: 23cm
丛书名:
单 册:
中图分类: F718
科图分类:
主题词: 商务--礼仪
电子资源:
ISBN: 978-7-5502-0164-4
000 00978nam0 2200253 450
001 012001001974
005 20140921103355.0
010    @a978-7-5502-0164-4@dCNY29.80
100    @a20110821d2011 em y0chiy50 ea
101 1  @achi@ceng
102    @aCN@b110000
105    @ay z 000yy
106    @ar
200 1  @a卡耐基经典商务礼仪全集@9ka nai ji jing dian shang wu li yi quan ji@f张艳玲主编
210    @a北京@c京华出版社@d2011
215    @a201页@c图@d23cm
300    @a畅销全球的成功励志经典 卡耐基成功励志经典
330    @a本书内容包括:得体的衣装为你加分、修炼自己的优雅气质、初次见面就给别人良好的第一印象、提升自己的精神引力、打电话能反映一个人的修养、交际语言不可忽视、洽谈会的制胜法、真诚合作的结果是人人受益、真诚地赞美他人等。
606 0  @a商务@x礼仪
690    @aF718@v4
701  0 @c(美)@a卡内基@9ka nei ji@c(Carnegie, Dale@f1888-1955)@4著
702  0 @a张艳玲@9zhang yan ling@4主编
801  0 @aCN@b上海新华@c20180901
905    @b1044817-21@dF718@e1050@f5
    
    卡耐基经典商务礼仪全集/张艳玲主编.-北京:京华出版社,2011
    201页:图;23cm
    畅销全球的成功励志经典 卡耐基成功励志经典
    
    ISBN 978-7-5502-0164-4:CNY29.80
    本书内容包括:得体的衣装为你加分、修炼自己的优雅气质、初次见面就给别人良好的第一印象、提升自己的精神引力、打电话能反映一个人的修养、交际语言不可忽视、洽谈会的制胜法、真诚合作的结果是人人受益、真诚地赞美他人等。
●
相关链接 在E读中查询图书 在五车中查询图书 在当当中查询图书 在豆瓣中查询图书


正题名:卡耐基经典商务礼仪全集     索取号:F718/1050         预约/预借

序号 登录号 条形码 馆藏地/架位号 状态 备注
1 1044817   210448176   第一样本阅览室/ [索取号:F718/1050] 在馆    
2 1044818   210448185   第一借阅区/ [索取号:F718/1050] 在馆    
3 1044819   210448194   第一借阅区/ [索取号:F718/1050] 在馆    
4 1044820   210448201   密集书库-海洋学院/ [索取号:F718/1050] 在馆    
5 1044821   210448210   第一借阅区/ [索取号:F718/1050] 在馆    
唐山师范学院图书馆 欢迎您!
大连网信软件有限公司© 版权所有